| 000 | 00991nam a2200217Ia 4500 | ||
|---|---|---|---|
| 001 | 114239 | ||
| 003 | DR-UNIBE | ||
| 005 | 20260108093330.0 | ||
| 008 | 25112822005 dr spa spa | ||
| 040 |
_cBIBLIOTECA UNIBE _erda |
||
| 041 | _aspa | ||
| 082 | _aF-RD 6018 | ||
| 100 |
_aCastillo Semán, Pelegrín _d1956- _931767 _eautor |
||
| 245 | 0 |
_aGeopolítica de la isla de Santo Domingo : _bmigración haitiana y seguridad nacional / _cPelegrín Castillo |
|
| 260 | 4 |
_aSanto Domingo : _bFuerza Nacional Progresita, _c2005 |
|
| 300 | 4 | _a26 páginas | |
| 505 | 4 | _aGeopolitica de la isla de Santo Domingo : migración haitiana y seguridad nacional \ Pelegrin Castillo - Perfil de las relaciones dominico - haitianas \ Wenceslao Guerreo-Pou - Disertación 26 de Febrero \ Luis M. Campillo - La Rep. Dom. en la perspectiva haitiana \ Moisés Iturbides y Victor Mena - | |
| 650 |
_2lemb _aInmigración |
||
| 650 |
_2lemb _aMigración _944628 |
||
| 942 |
_2ddc _cMX |
||
| 999 |
_c114239 _d114239 |
||